[Event "SC Hiltrup 1 - SF Stadtlohn 1"]
[Site "Verbandsklasse, Gr. 1 2022/20"]
[Date "2022.11.19"]
[Round "3.1"]
[White "Mullink, Jochem"]
[Black "Voigt, Stefan"]
[Result "1-0"]
[WhiteElo "2144"]
[BlackElo "1794"]
[PlyCount "55"]
[EventDate "2022.??.??"]
[SourceTitle "Verband Muensterland"]
[SourceDate "2023.01.17"]
[SourceVersion "1"]
[SourceVersionDate "2023.01.17"]
[SourceQuality "1"]
[WhiteTeam "SF Stadtlohn 1"]
[BlackTeam "SC Hiltrup 1"]

1. d4 d5 2. c4 e6 3. Nc3 f5 4. Nf3 Nf6 5. g3 Bd6 6. Bg2 c6 7. O-O O-O 8. Ne1
Nbd7 9. b3 b6 10. Nd3 Bb7 11. Bf4 Qe7 12. Rc1 Rac8 13. Bxd6 Qxd6 14. cxd5 exd5
15. e3 Ne4 16. Re1 Kh8 17. h4 Rf6 18. Nf4 Nf8 19. Qd3 Ne6 20. Nce2 Nxf4 21.
Nxf4 Qe7 22. Rc2 Rff8 23. Rec1 Rfd8 24. Qd1 c5 25. Qh5 Qf6 26. dxc5 g6 27. Qh6
bxc5 28. h5 1-0

[Event "SC Hiltrup 1 - SF Stadtlohn 1"]
[Site "Verbandsklasse, Gr. 1 2022/20"]
[Date "2022.11.19"]
[Round "3.2"]
[White "Buchholz, Christian"]
[Black "Kloster, Josef"]
[Result "0-1"]
[WhiteElo "1729"]
[BlackElo "2044"]
[PlyCount "42"]
[EventDate "2022.??.??"]
[SourceTitle "Verband Muensterland"]
[SourceDate "2023.01.17"]
[SourceVersion "1"]
[SourceVersionDate "2023.01.17"]
[SourceQuality "1"]
[WhiteTeam "SC Hiltrup 1"]
[BlackTeam "SF Stadtlohn 1"]

1. e4 e5 2. Nf3 d5 3. Nxe5 Bd6 4. d4 dxe4 5. Bc4 Bxe5 6. Qh5 Qe7 7. dxe5 Nc6 8.
Bg5 Qb4+ 9. Nd2 Nxe5 10. Bb3 Bg4 11. Qh4 Qb5 12. c4 Nd3+ 13. Kf1 Qd7 14. Nxe4
f6 15. Bd2 O-O-O 16. f3 Bf5 17. Bc3 Ne7 18. Rd1 Qc6 19. Nxf6 Rhf8 20. Nxh7 Bxh7
21. Qxh7 Rxf3+ 0-1

[Event "SC Hiltrup 1 - SF Stadtlohn 1"]
[Site "Verbandsklasse, Gr. 1 2022/20"]
[Date "2022.11.19"]
[Round "3.3"]
[White "Krosenbrink, Marcel"]
[Black "Haves, Daniel"]
[Result "1-0"]
[WhiteElo "1871"]
[BlackElo "1650"]
[PlyCount "43"]
[EventDate "2022.??.??"]
[SourceTitle "Verband Muensterland"]
[SourceDate "2023.01.17"]
[SourceVersion "1"]
[SourceVersionDate "2023.01.17"]
[SourceQuality "1"]
[WhiteTeam "SF Stadtlohn 1"]
[BlackTeam "SC Hiltrup 1"]

1. e4 d6 2. d4 Nf6 3. Nc3 e5 4. dxe5 dxe5 5. Qxd8+ Kxd8 6. f4 Bd6 7. f5 c6 8.
Bg5 Ke8 9. O-O-O Bc7 10. Nf3 Nbd7 11. h3 h6 12. Bh4 Nh7 13. g4 f6 14. Bg3 Ke7
15. h4 a6 16. g5 b5 17. Be1 Bb7 18. Bd2 h5 19. Rg1 Rhg8 20. Be3 Bd6 21. Be2 Bc5
22. Rxd7+ 1-0

[Event "SC Hiltrup 1 - SF Stadtlohn 1"]
[Site "Verbandsklasse, Gr. 1 2022/20"]
[Date "2022.11.19"]
[Round "3.4"]
[White "Vera, Antonio"]
[Black "Te Sligte, Bert"]
[Result "1/2-1/2"]
[WhiteElo "1648"]
[BlackElo "1826"]
[PlyCount "37"]
[EventDate "2022.??.??"]
[SourceTitle "Verband Muensterland"]
[SourceDate "2023.01.17"]
[SourceVersion "1"]
[SourceVersionDate "2023.01.17"]
[SourceQuality "1"]
[WhiteTeam "SC Hiltrup 1"]
[BlackTeam "SF Stadtlohn 1"]

1. d4 Nf6 2. Nf3 d5 3. Bf4 e6 4. e3 Be7 5. c4 O-O 6. Nc3 c6 7. Bd3 Nbd7 8. O-O
dxc4 9. Bxc4 Nd5 10. Nxd5 exd5 11. Be2 Nf6 12. h3 Ne4 13. Nd2 Bf5 14. Nxe4 Bxe4
15. Bd3 Bxd3 16. Qxd3 Qd7 17. a3 Rfe8 18. b4 a6 19. Rfb1 1/2-1/2

[Event "SC Hiltrup 1 - SF Stadtlohn 1"]
[Site "Verbandsklasse, Gr. 1 2022/20"]
[Date "2022.11.19"]
[Round "3.5"]
[White "Busswolder, Peter"]
[Black "May, Peter"]
[Result "1-0"]
[WhiteElo "1777"]
[BlackElo "1598"]
[PlyCount "79"]
[EventDate "2022.??.??"]
[SourceTitle "Verband Muensterland"]
[SourceDate "2023.01.17"]
[SourceVersion "1"]
[SourceVersionDate "2023.01.17"]
[SourceQuality "1"]
[WhiteTeam "SF Stadtlohn 1"]
[BlackTeam "SC Hiltrup 1"]

1. d4 d5 2. c4 Bf5 3. Nc3 e6 4. Qb3 b6 5. cxd5 Nf6 6. dxe6 Bxe6 7. Qd1 Bb4 8.
Nf3 O-O 9. Bg5 Nbd7 10. a3 Be7 11. e3 Nd5 12. Bxe7 Qxe7 13. Be2 N7f6 14. O-O c5
15. Nxd5 Bxd5 16. dxc5 Qxc5 17. Rc1 Qe7 18. Qc2 Ng4 19. Rfd1 Rfd8 20. h3 Nf6
21. Nd4 Ne4 22. Bf3 Re8 23. Qc7 Qh4 24. Rc2 g6 25. Nf5 gxf5 26. Rxd5 Rac8 27.
Qxc8 Rxc8 28. Rxc8+ Kg7 29. Bxe4 fxe4 30. Rc7 Qf6 31. Rdd7 Qxb2 32. Rxf7+ Kg6
33. Rxa7 h5 34. Rf4 Qe5 35. Ra4 Qa1+ 36. Kh2 b5 37. Rb4 Qxa3 38. Rxb5 Qd6 39.
Rbf5 Qd3 40. Re5 1-0

[Event "SC Hiltrup 1 - SF Stadtlohn 1"]
[Site "Verbandsklasse, Gr. 1 2022/20"]
[Date "2022.11.19"]
[Round "3.6"]
[White "Schmidt, Juergen"]
[Black "Kloster, Daniel"]
[Result "1/2-1/2"]
[WhiteElo "1636"]
[BlackElo "1780"]
[PlyCount "66"]
[EventDate "2022.??.??"]
[SourceTitle "Verband Muensterland"]
[SourceDate "2023.01.17"]
[SourceVersion "1"]
[SourceVersionDate "2023.01.17"]
[SourceQuality "1"]
[WhiteTeam "SC Hiltrup 1"]
[BlackTeam "SF Stadtlohn 1"]

1. e4 e6 2. d4 d5 3. exd5 exd5 4. Nf3 Nf6 5. Bd3 Bd6 6. O-O O-O 7. Bg5 Bg4 8.
Nbd2 Nbd7 9. c3 h6 10. Bh4 c6 11. Qc2 Qc7 12. Rae1 Rfe8 13. Bf5 Bxf5 14. Qxf5
Bf4 15. Bxf6 Nxf6 16. g3 Bxd2 17. Nxd2 Qa5 18. a3 Qb5 19. Qc2 Rxe1 20. Rxe1 Re8
21. Rxe8+ Nxe8 22. Nf3 Nd6 23. a4 Qa6 24. Ne5 Qa5 25. Nd3 Ne4 26. f3 Nd6 27.
Nc5 Qd8 28. Qe2 Qg5 29. Kg2 b6 30. Nd3 Qd8 31. Nb4 Qd7 32. Nd3 Nc4 33. g4 a5
1/2-1/2

[Event "SC Hiltrup 1 - SF Stadtlohn 1"]
[Site "Verbandsklasse, Gr. 1 2022/20"]
[Date "2022.11.19"]
[Round "3.7"]
[White "Kloster, Svetlana"]
[Black "Jeromin, Rudolf Gustav"]
[Result "1-0"]
[WhiteElo "1933"]
[BlackElo "1567"]
[PlyCount "101"]
[EventDate "2022.??.??"]
[SourceTitle "Verband Muensterland"]
[SourceDate "2023.01.17"]
[SourceVersion "1"]
[SourceVersionDate "2023.01.17"]
[SourceQuality "1"]
[WhiteTeam "SF Stadtlohn 1"]
[BlackTeam "SC Hiltrup 1"]

1. d4 d5 2. Nf3 e6 3. Bf4 Bd6 4. Bxd6 Qxd6 5. c3 Nf6 6. e3 O-O 7. Bd3 Nbd7 8.
Nbd2 c5 9. Rc1 c4 10. Bb1 e5 11. dxe5 Nxe5 12. Nxe5 Qxe5 13. Nf3 Qd6 14. h3 Re8
15. O-O b5 16. Qd4 Bb7 17. Rfd1 Qe6 18. Qh4 h6 19. Nd4 Qb6 20. Nf5 Kf8 21. Qg3
g6 22. Nxh6 Nh5 23. Qf3 Qf6 24. Qxf6 Nxf6 25. Rd4 Re6 26. Ng4 Ne8 27. Bc2 f5
28. Nh2 Ra6 29. a3 Kf7 30. f3 Re6 31. Nf1 a5 32. Kf2 Nd6 33. Rcd1 Bc6 34. h4 b4
35. cxb4 axb4 36. axb4 Ra2 37. Rb1 c3 38. Bb3 Rxb2+ 39. Rxb2 cxb2 40. Rd1 Nc4
41. Rb1 Bb5 42. Bxc4 dxc4 43. Rxb2 c3 44. Rc2 Rc6 45. Ng3 Ba4 46. Rc1 c2 47.
Ne2 Rb6 48. Nd4 Rxb4 49. Ke2 f4 50. Nxc2 Rb2 51. Kd3 1-0

[Event "SC Hiltrup 1 - SF Stadtlohn 1"]
[Site "Verbandsklasse, Gr. 1 2022/20"]
[Date "2022.11.19"]
[Round "3.8"]
[White "Voigt, Hartmut"]
[Black "Becking, Stefan"]
[Result "0-1"]
[WhiteElo "1528"]
[BlackElo "1667"]
[PlyCount "104"]
[EventDate "2022.??.??"]
[SourceTitle "Verband Muensterland"]
[SourceDate "2023.01.17"]
[SourceVersion "1"]
[SourceVersionDate "2023.01.17"]
[SourceQuality "1"]
[WhiteTeam "SC Hiltrup 1"]
[BlackTeam "SF Stadtlohn 1"]

1. e4 c5 2. Nf3 e6 3. c3 Nf6 4. e5 Nd5 5. Bc4 Nb6 6. Na3 Nxc4 7. Nxc4 b5 8.
Nd6+ Bxd6 9. exd6 Qb6 10. Ne5 Qxd6 11. d4 cxd4 12. Bf4 Qb6 13. Qh5 O-O 14. Qg4
f5 15. Qg3 d6 16. Bh6 Qc7 17. Nd3 e5 18. cxd4 f4 19. Nxf4 exf4 20. Bxf4 Re8+
21. Kd2 Qa5+ 22. Kd1 Qa4+ 23. Qb3+ Qxb3+ 24. axb3 Re4 25. Be3 Nc6 26. Kd2 d5
27. f3 Re8 28. g4 a6 29. h4 Nb4 30. Bf4 Ra7 31. Bd6 Nc6 32. Bc5 Rf7 33. Rhf1
Rf6 34. b4 Rfe6 35. Rf2 h5 36. g5 g6 37. Ra3 Ne7 38. Bxe7 R6xe7 39. Rc3 Bf5 40.
Rc6 Re6 41. Rc5 Re3 42. Rc3 Re1 43. Rc1 Rxc1 44. Kxc1 Rc8+ 45. Kd2 Rc4 46. Ke3
Rxb4 47. Rd2 Kf7 48. Kf4 Ke6 49. Re2+ Kd6 50. Ke3 a5 51. Rd2 a4 52. Kf4 Rb3 0-1

[Event "SK Dülmen 2 - Indische Dame Münster 1"]
[Site "Verbandsklasse, Gr. 1 2022/20"]
[Date "2022.11.19"]
[Round "3.1"]
[White "Diersen, Joerg"]
[Black "Stein, Michael"]
[Result "1/2-1/2"]
[WhiteElo "1861"]
[BlackElo "1674"]
[PlyCount "59"]
[EventDate "2022.??.??"]
[SourceTitle "Verband Muensterland"]
[SourceDate "2023.01.17"]
[SourceVersion "1"]
[SourceVersionDate "2023.01.17"]
[SourceQuality "1"]
[WhiteTeam "Indische Dame Münster 1"]
[BlackTeam "SK Dülmen 2"]

1. e4 d5 2. exd5 Qxd5 3. Nc3 Qa5 4. d4 Nf6 5. Nf3 Bf5 6. Bd3 Bg6 7. O-O c6 8.
Re1 e6 9. Ne5 Bxd3 10. Qxd3 Nbd7 11. Bd2 Qc7 12. Nxd7 Qxd7 13. Ne4 Be7 14. c4
O-O 15. Rad1 Rfd8 16. Qf3 Nxe4 17. Rxe4 Qc7 18. Bf4 Bd6 19. Rde1 Bxf4 20. Rxf4
Rd7 21. Rh4 Rad8 22. Qe4 g6 23. Qe3 h5 24. Re4 Qb6 25. Qh6 Rxd4 26. Rxe6 fxe6
27. Qxg6+ Kh8 28. Qh6+ Kg8 29. Qg6+ Kf8 30. Qf6+ 1/2-1/2

[Event "SK Dülmen 2 - Indische Dame Münster 1"]
[Site "Verbandsklasse, Gr. 1 2022/20"]
[Date "2022.11.19"]
[Round "3.2"]
[White "Doehler, Thorsten"]
[Black "Frie, Michael"]
[Result "0-1"]
[WhiteElo "1748"]
[BlackElo "1836"]
[PlyCount "75"]
[EventDate "2022.??.??"]
[SourceTitle "Verband Muensterland"]
[SourceDate "2023.01.17"]
[SourceVersion "1"]
[SourceVersionDate "2023.01.17"]
[SourceQuality "1"]
[WhiteTeam "SK Dülmen 2"]
[BlackTeam "Indische Dame Münster 1"]

1. e4 d6 2. Nc3 c6 3. d4 Qc7 4. Nf3 e5 5. Be2 Be7 6. Be3 Nf6 7. Qd2 h6 8. h3 a5
9. O-O O-O 10. Rad1 b5 11. Bd3 Nbd7 12. g4 Nh7 13. d5 b4 14. Ne2 cxd5 15. exd5
Nc5 16. Bxc5 Qxc5 17. Ng3 Ng5 18. Nxg5 Bxg5 19. Qe2 Qc7 20. Qe4 g6 21. Qc4 Qxc4
22. Bxc4 f5 23. f3 Bd7 24. Kg2 Rac8 25. b3 Rc5 26. Rfe1 Bb5 27. gxf5 gxf5 28.
Bxb5 Rxb5 29. Re2 Rc5 30. Rd3 Kh7 31. h4 Bxh4 32. Kh3 Bg5 33. Rg2 Kg6 34. f4
exf4 35. Ne2 Kf6 36. c4 bxc3 37. Nxc3 Re8 38. Re2 0-1

[Event "SK Dülmen 2 - Indische Dame Münster 1"]
[Site "Verbandsklasse, Gr. 1 2022/20"]
[Date "2022.11.19"]
[Round "3.3"]
[White "Langheinrich, Joern"]
[Black "Reufer, Berthold"]
[Result "0-1"]
[WhiteElo "1856"]
[BlackElo "1621"]
[PlyCount "106"]
[EventDate "2022.??.??"]
[SourceTitle "Verband Muensterland"]
[SourceDate "2023.01.17"]
[SourceVersion "1"]
[SourceVersionDate "2023.01.17"]
[SourceQuality "1"]
[WhiteTeam "Indische Dame Münster 1"]
[BlackTeam "SK Dülmen 2"]

1. e4 e6 2. d4 d5 3. Nc3 Bb4 4. a3 Bxc3+ 5. bxc3 dxe4 6. f3 b6 7. Nh3 Bb7 8.
Be2 Nf6 9. O-O exf3 10. Bxf3 Bxf3 11. Qxf3 Qd5 12. Qg3 Nbd7 13. Qxc7 O-O 14.
Qg3 Kh8 15. Bb2 Ne4 16. Qd3 Rac8 17. Nf4 Qc6 18. Rf3 Ndf6 19. Re1 Nd6 20. Rh3
Qb5 21. Qxb5 Nxb5 22. a4 Nd6 23. Ba3 Rfd8 24. Bb4 a5 25. Ba3 Rc4 26. Nd3 Rxa4
27. Bxd6 Rxd6 28. Ne5 Kg8 29. g4 Nd7 30. Nd3 Rc4 31. Nb2 Rc8 32. Rd3 b5 33. Rb1
Rb6 34. h3 Kf8 35. Kf2 Nf6 36. Na4 Rbb8 37. Nc5 Ke8 38. Ke3 Nd7 39. Ne4 Ke7 40.
Kd2 Nb6 41. Rf3 Nd5 42. Rbf1 f6 43. g5 f5 44. Nc5 g6 45. Rb1 b4 46. c4 Nc3 47.
Re1 Ne4+ 48. Nxe4 fxe4 49. Rxe4 Rxc4 50. Rf6 Rb6 51. h4 Rbc6 52. d5 Rxe4 53.
dxc6 Rc4 0-1

[Event "SK Dülmen 2 - Indische Dame Münster 1"]
[Site "Verbandsklasse, Gr. 1 2022/20"]
[Date "2022.11.19"]
[Round "3.5"]
[White "Tenberge, Norbert"]
[Black "Moews, Robert"]
[Result "1-0"]
[WhiteElo "1778"]
[BlackElo "1580"]
[PlyCount "69"]
[EventDate "2022.??.??"]
[SourceTitle "Verband Muensterland"]
[SourceDate "2023.01.17"]
[SourceVersion "1"]
[SourceVersionDate "2023.01.17"]
[SourceQuality "1"]
[WhiteTeam "Indische Dame Münster 1"]
[BlackTeam "SK Dülmen 2"]

1. d4 d5 2. c4 c6 3. Nc3 Nf6 4. e3 dxc4 5. Bxc4 Bf5 6. Nf3 e6 7. O-O Be7 8. Re1
O-O 9. h3 Nbd7 10. e4 Bg6 11. Bf4 Bb4 12. Bd3 Re8 13. Qb3 Bxc3 14. bxc3 b5 15.
a4 a6 16. c4 Qb6 17. axb5 axb5 18. Rab1 Rec8 19. e5 Bxd3 20. Qxd3 Ne8 21. cxb5
c5 22. dxc5 Nxc5 23. Qe3 Nc7 24. Nd4 Nd5 25. Qg3 Na4 26. Bh6 g6 27. Nc6 Nac3
28. Qh4 Nxb1 29. Rxb1 Rxc6 30. Rd1 Qd8 31. Bg5 Qf8 32. bxc6 Rc8 33. Bh6 Qe8 34.
Rxd5 f6 35. Qxf6 1-0

[Event "SK Dülmen 2 - Indische Dame Münster 1"]
[Site "Verbandsklasse, Gr. 1 2022/20"]
[Date "2022.11.19"]
[Round "3.6"]
[White "Krimphove, Martin"]
[Black "Glotzbach, Thomas"]
[Result "1/2-1/2"]
[WhiteElo "1568"]
[BlackElo "1777"]
[PlyCount "70"]
[EventDate "2022.??.??"]
[SourceTitle "Verband Muensterland"]
[SourceDate "2023.01.17"]
[SourceVersion "1"]
[SourceVersionDate "2023.01.17"]
[SourceQuality "1"]
[WhiteTeam "SK Dülmen 2"]
[BlackTeam "Indische Dame Münster 1"]

1. d4 Nf6 2. Nf3 e6 3. Bg5 Be7 4. e3 O-O 5. Bd3 c5 6. c3 Nc6 7. Nbd2 cxd4 8.
exd4 Nd5 9. Bxe7 Qxe7 10. O-O Nf4 11. Qc2 Nxd3 12. Qxd3 d5 13. Rfe1 Bd7 14. Ne5
f6 15. Nxd7 Qxd7 16. f4 Rae8 17. Re3 Re7 18. Rae1 Rfe8 19. Rh3 g6 20. Nf3 Qd6
21. Nh4 Rg7 22. Qg3 Ree7 23. Qg4 g5 24. fxg5 Rxg5 25. Qe2 e5 26. Nf3 exd4 27.
Qd1 Rxe1+ 28. Qxe1 Rg7 29. Qe8+ Qf8 30. Qxf8+ Kxf8 31. Nxd4 Nxd4 32. cxd4 Rc7
33. Rc3 Rc4 34. Kf2 Ke7 35. Ke3 Rxc3+ 1/2-1/2

[Event "SK Dülmen 2 - Indische Dame Münster 1"]
[Site "Verbandsklasse, Gr. 1 2022/20"]
[Date "2022.11.19"]
[Round "3.7"]
[White "Wichmann, Norbert"]
[Black "Ulunque Villazon, Humberto"]
[Result "0-1"]
[WhiteElo "1720"]
[BlackElo "1618"]
[PlyCount "48"]
[EventDate "2022.??.??"]
[SourceTitle "Verband Muensterland"]
[SourceDate "2023.01.17"]
[SourceVersion "1"]
[SourceVersionDate "2023.01.17"]
[SourceQuality "1"]
[WhiteTeam "Indische Dame Münster 1"]
[BlackTeam "SK Dülmen 2"]

1. d4 d5 2. c4 e6 3. Nc3 c6 4. Nf3 Nf6 5. e3 Nbd7 6. Bd3 Bd6 7. O-O O-O 8. Qb3
Re8 9. e4 dxe4 10. Nxe4 Nxe4 11. Bxe4 h6 12. Bc2 e5 13. Be3 e4 14. Nd2 Nf6 15.
f3 Qc7 16. Nxe4 Bxh2+ 17. Kh1 Nxe4 18. fxe4 c5 19. dxc5 Bg4 20. Rae1 Qe5 21.
Qxb7 Be6 22. Bg1 Bg3 23. Bd1 Qg5 24. Bg4 Qxg4 0-1

[Event "SK Dülmen 2 - Indische Dame Münster 1"]
[Site "Verbandsklasse, Gr. 1 2022/20"]
[Date "2022.11.19"]
[Round "3.8"]
[White "Sindermann, Erwin"]
[Black "Blume, Heidrun"]
[Result "1/2-1/2"]
[WhiteElo "1698"]
[BlackElo "1591"]
[PlyCount "85"]
[EventDate "2022.??.??"]
[SourceTitle "Verband Muensterland"]
[SourceDate "2023.01.17"]
[SourceVersion "1"]
[SourceVersionDate "2023.01.17"]
[SourceQuality "1"]
[WhiteTeam "SK Dülmen 2"]
[BlackTeam "Indische Dame Münster 1"]

1. e4 d5 2. exd5 Qxd5 3. Nc3 Qa5 4. d4 Nf6 5. Nf3 Bg4 6. h3 Bh5 7. g4 Bg6 8.
Ne5 c6 9. Bd3 Bxd3 10. Qxd3 e6 11. Nc4 Qc7 12. Bd2 Na6 13. Ne4 O-O-O 14. Nxf6
gxf6 15. O-O-O Bb4 16. Bxb4 Nxb4 17. Qa3 Na6 18. Qf3 Qe7 19. a3 Rhe8 20. Qe4 f5
21. gxf5 Qg5+ 22. f4 Qxf5 23. Qxf5 exf5 24. Ne5 f6 25. Nf7 Rd7 26. Nh6 Re4 27.
Rhf1 Rdxd4 28. Rxd4 Rxd4 29. Nxf5 Rd7 30. Rd1 Nc5 31. Nd6+ Kd8 32. b4 Ne6 33.
Nxb7+ Kc7 34. Rxd7+ Kxd7 35. f5 Nd4 36. Nc5+ Ke7 37. Kd2 Nxf5 38. Kd3 Kd6 39.
Ke4 Ng3+ 40. Kf3 Nf5 41. Ke4 Ng3+ 42. Kf3 Nf5 43. Ke4 1/2-1/2

[Event "SK Bocholt 2 - SV Heiden 2"]
[Site "Verbandsklasse, Gr. 1 2022/20"]
[Date "2022.11.19"]
[Round "3.1"]
[White "Wienen, Josef"]
[Black "Burike, Christian"]
[Result "0-1"]
[WhiteElo "1592"]
[BlackElo "1734"]
[PlyCount "92"]
[EventDate "2022.??.??"]
[SourceTitle "Verband Muensterland"]
[SourceDate "2023.01.17"]
[SourceVersion "1"]
[SourceVersionDate "2023.01.17"]
[SourceQuality "1"]
[WhiteTeam "SV Heiden 2"]
[BlackTeam "SK Bocholt 2"]

1. c4 e6 2. g3 d5 3. cxd5 exd5 4. d4 Nf6 5. Bg2 Bd6 6. Nc3 c6 7. Nf3 O-O 8. O-O
Be6 9. Qc2 Qc8 10. Bg5 Nbd7 11. Nh4 h6 12. Bd2 Nb6 13. e4 dxe4 14. f4 Bc4 15.
Rfe1 Bd3 16. Qc1 Re8 17. f5 Qc7 18. Bxh6 gxh6 19. Qxh6 Nbd5 20. Nxd5 Nxd5 21.
f6 Nxf6 22. Nf5 Bf8 23. Qxf6 Qd8 24. Nh6+ Bxh6 25. Qxh6 Qxd4+ 26. Kh1 Qxb2 27.
Qf4 Qe5 28. Qg4+ Qg7 29. Qd7 f6 30. Qd4 f5 31. Qc5 Re5 32. Qe3 c5 33. Bf1 c4
34. Rac1 Ra5 35. Qf2 Rd8 36. Bh3 Qg5 37. Qf4 Qxf4 38. gxf4 Rd7 39. Bf1 Rxa2 40.
Bxd3 cxd3 41. Rc8+ Kh7 42. Rf8 d2 43. Rd1 Rc2 44. Rxf5 Rc1 45. Rh5+ Kg6 46.
Rg5+ Kf6 0-1

[Event "SK Bocholt 2 - SV Heiden 2"]
[Site "Verbandsklasse, Gr. 1 2022/20"]
[Date "2022.11.19"]
[Round "3.2"]
[White "Steverding, Tim"]
[Black "Dolle, Stefan"]
[Result "1/2-1/2"]
[WhiteElo "1491"]
[BlackElo "1817"]
[PlyCount "87"]
[EventDate "2022.??.??"]
[SourceTitle "Verband Muensterland"]
[SourceDate "2023.01.17"]
[SourceVersion "1"]
[SourceVersionDate "2023.01.17"]
[SourceQuality "1"]
[WhiteTeam "SK Bocholt 2"]
[BlackTeam "SV Heiden 2"]

1. d4 d5 2. c4 e6 3. Nc3 Nf6 4. Bg5 Be7 5. Nf3 O-O 6. e3 h6 7. Bh4 Nbd7 8. Bd3
dxc4 9. Bxc4 a6 10. a3 b5 11. Be2 Bb7 12. O-O c5 13. dxc5 Bxc5 14. b4 Be7 15.
Qb3 Nd5 16. Bxe7 Qxe7 17. Rac1 Rac8 18. Nxd5 Bxd5 19. Qb2 Nb6 20. Nd2 Rfd8 21.
Rxc8 Rxc8 22. Rc1 Qb7 23. f3 Na4 24. Qa1 Rc7 25. e4 Qb6+ 26. Kf1 Bb7 27. Nb3
Rxc1+ 28. Qxc1 Qc6 29. Qxc6 Bxc6 30. Bd3 Kf8 31. Ke1 Ke7 32. Kd2 Kd6 33. Ke3 e5
34. h4 h5 35. Nd2 Bd7 36. Bc2 Nb6 37. Bb3 Be6 38. Bxe6 Kxe6 39. Kd3 Kd6 40. g3
g6 41. f4 f5 42. fxe5+ Kxe5 43. Nf3+ Kf6 44. Nd2 1/2-1/2

[Event "SK Bocholt 2 - SV Heiden 2"]
[Site "Verbandsklasse, Gr. 1 2022/20"]
[Date "2022.11.19"]
[Round "3.3"]
[White "Wichert, Michael"]
[Black "Tepasse, Wilhelm"]
[Result "1-0"]
[WhiteElo "1712"]
[BlackElo "1741"]
[PlyCount "69"]
[EventDate "2022.??.??"]
[SourceTitle "Verband Muensterland"]
[SourceDate "2023.01.17"]
[SourceVersion "1"]
[SourceVersionDate "2023.01.17"]
[SourceQuality "1"]
[WhiteTeam "SV Heiden 2"]
[BlackTeam "SK Bocholt 2"]

1. b4 e5 2. Bb2 d6 3. Nf3 Be7 4. e3 Bg4 5. Be2 Nd7 6. d3 Ngf6 7. O-O Nf8 8. c4
Ng6 9. Nbd2 O-O 10. a3 h6 11. Qc2 Re8 12. Rad1 Bf8 13. Rfe1 Qc8 14. Ne4 Nh7 15.
d4 f5 16. Ng3 Bxf3 17. Bxf3 Nh4 18. Bd5+ Kh8 19. c5 e4 20. c6 Rb8 21. cxb7 Rxb7
22. Bxb7 Qxb7 23. d5 Be7 24. Nh5 Rg8 25. Nf4 Ng5 26. Re2 Kh7 27. Rc1 Bd8 28.
Qc6 Qb8 29. b5 Qb6 30. Qxb6 axb6 31. a4 Ng6 32. Bc3 Ne5 33. a5 bxa5 34. Bxa5
Ngf7 35. Bxc7 1-0

[Event "SK Bocholt 2 - SV Heiden 2"]
[Site "Verbandsklasse, Gr. 1 2022/20"]
[Date "2022.11.19"]
[Round "3.4"]
[White "Schlebusch, Daniel"]
[Black "Buchner, Ralf"]
[Result "1-0"]
[WhiteElo "1672"]
[BlackElo "1651"]
[PlyCount "106"]
[EventDate "2022.??.??"]
[SourceTitle "Verband Muensterland"]
[SourceDate "2023.01.17"]
[SourceVersion "1"]
[SourceVersionDate "2023.01.17"]
[SourceQuality "1"]
[WhiteTeam "SK Bocholt 2"]
[BlackTeam "SV Heiden 2"]

1. e4 g6 2. d4 Bg7 3. Nc3 d6 4. Be3 Nf6 5. Qd2 O-O 6. O-O-O a6 7. Bh6 Bxh6 8.
Qxh6 Ng4 9. Qd2 b5 10. f3 Nf6 11. h4 h5 12. Nh3 Nc6 13. Nf2 e5 14. d5 Ne7 15.
Rg1 Kg7 16. g4 Rh8 17. g5 Nd7 18. Bh3 Nb6 19. b3 b4 20. Nb1 Bxh3 21. Nxh3 Qd7
22. Nf2 a5 23. Qe2 a4 24. Nd3 axb3 25. axb3 Qb5 26. Kd2 c5 27. dxc6 Nxc6 28.
Ke1 Ra2 29. Rd2 Nd4 30. Qd1 Rc8 31. Rgg2 Nd7 32. Nc1 Ra6 33. Kf2 Nf8 34. Kg1
Nfe6 35. Rgf2 Nf4 36. Kh2 Qd7 37. Qf1 Ra1 38. Nd3 Nde6 39. Nxb4 Rxb1 40. Qxb1
Nd4 41. Qf1 Nde6 42. Kh1 Ra8 43. Nd5 Nxd5 44. Rxd5 Nf4 45. Rdd2 f6 46. gxf6+
Kxf6 47. c4 Qe7 48. b4 Kg7 49. Rh2 Ra3 50. Qd1 Qf7 51. c5 Ne6 52. Rxd6 Rxf3 53.
Rd7 Rf1+ 1-0

[Event "SK Bocholt 2 - SV Heiden 2"]
[Site "Verbandsklasse, Gr. 1 2022/20"]
[Date "2022.11.19"]
[Round "3.5"]
[White "Spoeler, Gerd"]
[Black "Harbring, Thorben"]
[Result "0-1"]
[WhiteElo "1640"]
[BlackElo "1541"]
[PlyCount "28"]
[EventDate "2022.??.??"]
[SourceTitle "Verband Muensterland"]
[SourceDate "2023.01.17"]
[SourceVersion "1"]
[SourceVersionDate "2023.01.17"]
[SourceQuality "1"]
[WhiteTeam "SV Heiden 2"]
[BlackTeam "SK Bocholt 2"]

1. d4 d5 2. c4 c6 3. Nc3 Nf6 4. Bg5 Bf5 5. e3 Nbd7 6. f3 e6 7. Bd3 Bxd3 8. Qxd3
dxc4 9. Qxc4 Qa5 10. Nge2 Qxg5 11. O-O Qxe3+ 12. Kh1 Nb6 13. Qb3 Bd6 14. Ng3
Bxg3 0-1

[Event "SK Bocholt 2 - SV Heiden 2"]
[Site "Verbandsklasse, Gr. 1 2022/20"]
[Date "2022.11.19"]
[Round "3.6"]
[White "Robeling, Stephan"]
[Black "Schulze Forsthoevel, Manfred"]
[Result "1-0"]
[WhiteElo "1732"]
[BlackElo "1491"]
[PlyCount "47"]
[EventDate "2022.??.??"]
[SourceTitle "Verband Muensterland"]
[SourceDate "2023.01.17"]
[SourceVersion "1"]
[SourceVersionDate "2023.01.17"]
[SourceQuality "1"]
[WhiteTeam "SK Bocholt 2"]
[BlackTeam "SV Heiden 2"]

1. e4 Nf6 2. Nc3 d5 3. d4 dxe4 4. f3 e6 5. fxe4 Be7 6. Nf3 c6 7. Bd3 Nbd7 8.
O-O Nf8 9. Be3 Ng6 10. Kh1 Qc7 11. e5 Nd5 12. Bg5 Rf8 13. Bxe7 Qxe7 14. Qd2 h6
15. Ne4 Ngf4 16. Nd6+ Kd7 17. c4 Nxd3 18. cxd5 exd5 19. Qxd3 Kc7 20. b4 Bg4 21.
b5 Bd7 22. bxc6 bxc6 23. Rab1 Rfb8 24. Rxb8 1-0

[Event "SK Bocholt 2 - SV Heiden 2"]
[Site "Verbandsklasse, Gr. 1 2022/20"]
[Date "2022.11.19"]
[Round "3.7"]
[White "Blobel, Tobias"]
[Black "Hellmann, Guenter"]
[Result "0-1"]
[WhiteElo "1661"]
[BlackElo "1544"]
[PlyCount "65"]
[EventDate "2022.??.??"]
[SourceTitle "Verband Muensterland"]
[SourceDate "2023.01.17"]
[SourceVersion "1"]
[SourceVersionDate "2023.01.17"]
[SourceQuality "1"]
[WhiteTeam "SV Heiden 2"]
[BlackTeam "SK Bocholt 2"]

1. d4 d5 2. c4 e6 3. Nc3 Nf6 4. cxd5 exd5 5. Bg5 c6 6. e3 Be7 7. Bd3 h6 8. Bf4
Bd6 9. Nge2 O-O 10. Qc2 Nh5 11. Bxd6 Qxd6 12. a3 Be6 13. O-O Nd7 14. b4 Qe7 15.
Rab1 Nb6 16. Na4 Nc4 17. Bxc4 dxc4 18. Nc5 b5 19. Qe4 Qe8 20. Qe5 Bg4 21. Qxe8
Rfxe8 22. Nc3 Nf6 23. Rfe1 a5 24. Ra1 axb4 25. axb4 Nd5 26. N3e4 Nxb4 27. Nd6
Red8 28. Ndb7 Rdb8 29. Nd6 Nc2 30. Rxa8 Rxa8 31. Rc1 Ra1 32. Rxa1 Nxa1 33. d5
0-1